000 00647nam a2200253Ia 4500
003 OSt
005 20221007110406.0
006 a|||||r|||| 00| 0
007 ta
008 221006b |||||||| |||| 00| 0 eng d
020 _a0485132109
024 _a21,041
037 _cTextual
040 _aLCO
_cLCO
_beng
041 _2eng
_aeng
082 _aZx3.M, L0
100 _aHart H.L.A.
245 0 _aOf Laws in General
260 _aLondon
_bThe Athlone Press U.K.
_c1970
300 _a342
650 _aLAWS IN GENERAL
_9705915
942 _hZx3.M, L0
_cTEXL
999 _c1190604
_d1190604